Random General Knowledge Quiz #3 - Statistics

General Stats
  • This quiz has been taken 38 times
  • The average score is 6 of 8
Answer Stats
Question Answer % Correct
Which of these is a prime number? 31
100%
The Faroe Islands are part of which country? Denmark
100%
Amelia Earheart was the first woman to: Fly over the Atlantic alone
100%
Which of these rappers had a beef with 50 Cent? Ja Rule
100%
The video game genre MMO stands for: Massive Multiplayer Online
100%
Platon wrote which of these philosophical books? Republic
67%
"Gargantua" is: A fictional black hole
33%
What type of star has the greatest magnetic pull Neutron Star
33%
No matching quizzes found
Score Distribution
Percent of People with Each Score
Percentile by Number Answered
Your Score History
You have not taken this quiz